Business, Ethics and Society: (Record no. 194508)

MARC details
000 -LEADER
fixed length control field 00649nam a22001817a 4500
005 - DATE AND TIME OF LATEST TRANSACTION
control field 20221227110208.0
010 ## - LCCN (DPL NO)
LC control number ENG-135946
020 ## - INTERNATIONAL STANDARD BOOK NUMBER
International Standard Book Number 9789354792328
Terms of availability 550.00
035 ## - SYSTEM CONTROL NUMBER
System control number EN-119478
037 ## - SOURCE OF ACQUISITION
Source of stock number/acquisition DBAD/PUB
082 ## - DEWEY DECIMAL CLASSIFICATION NUMBER
Classification number 174.4
100 ## - MAIN ENTRY--PERSONAL NAME
Personal name Cullen, John G.
245 ## - TITLE STATEMENT
Title Business, Ethics and Society:
Remainder of title Key, Concepts, Current Debates and Contemporary Innovations/
Statement of responsibility, etc John G. Cullen
260 ## - PUBLICATION, DISTRIBUTION, ETC. (IMPRINT)
Place of publication, distribution, etc New Delhi
Name of publisher, distributor, etc Sage Publication India Pvt Ltd
Date of publication, distribution, etc 2022
270 ## - ADDRESS
Address B-1/I-I Mohan Cooperative Industrial Area Mathura Road
City New Delhi
Postal code 110044
300 ## - PHYSICAL DESCRIPTION
Extent xix, 242p.
Other physical details References, Index
Dimensions 24cm(pbk)
942 ## - ADDED ENTRY ELEMENTS (KOHA)
Source of classification or shelving scheme Dewey Decimal Classification
Item type English Books
Call number suffix CUL
Classification part 174.4
Holdings
Withdrawn status Lost status Not for loan Collection code Home library Current library Date acquired Source of acquisition Cost, normal purchase price Full call number Barcode Copy number Cost, replacement price Koha item type
      Non-fiction Kasturba Gandhi Marg Kasturba Gandhi Marg 27/12/2022 DBAD/PUB 550.00 174.4 CUL EN-119478 1 550.00 English Books

© Delhi Public Library
Hit Counter
free hit counter